|
|
|
|
| LEADER |
00000naa2a2200000 4500 |
| 001 |
617216 |
| 005 |
20240215083316.0 |
| 035 |
|
|
|a (RuTPU)RU\TPU\conf\15520
|
| 035 |
|
|
|a RU\TPU\conf\15519
|
| 090 |
|
|
|a 617216
|
| 100 |
|
|
|a 20160218d2015 k y0rusy50 ca
|
| 101 |
0 |
|
|a rus
|
| 102 |
|
|
|a RU
|
| 105 |
|
|
|a y z 101zy
|
| 135 |
|
|
|a drgn ---uucaa
|
| 181 |
|
0 |
|a i
|
| 182 |
|
0 |
|a b
|
| 200 |
1 |
|
|a Получение SPS-TiN-керамики на основе перемолотого побочного продукта плазмодинамического синтеза
|f А. А. Евдокимов, А. А. Сивков, Д. Ю. Герасимов
|
| 203 |
|
|
|a Текст
|c электронный
|
| 300 |
|
|
|a Заглавие с титульного экрана
|
| 320 |
|
|
|a [Библиогр.: с. 61 (3 назв.)]
|
| 337 |
|
|
|a Adobe Reader
|
| 463 |
|
0 |
|0 (RuTPU)RU\TPU\conf\15373
|t Проблемы метрологии нанопорошков и наноматериалов
|o сборник тезисов докладов Всероссийского научно-практического семинара с международным участием, 23-26 сентября 2015 г., Томск
|f Национальный исследовательский Томский политехнический университет (ТПУ)
|v [С. 60-61]
|d 2015
|
| 610 |
1 |
|
|a труды учёных ТПУ
|
| 610 |
1 |
|
|a электронный ресурс
|
| 610 |
1 |
|
|a керамика
|
| 610 |
1 |
|
|a плазмодинамический синтез
|
| 610 |
1 |
|
|a дисперсность
|
| 610 |
1 |
|
|a железо
|
| 610 |
1 |
|
|a агломерация
|
| 700 |
|
1 |
|a Евдокимов
|b А. А.
|c специалист в области электроэнергетики
|c лаборант Томского политехнического университета
|f 1987-
|g Андрей Анатольевич
|3 (RuTPU)RU\TPU\pers\27065
|
| 701 |
|
1 |
|a Сивков
|b А. А.
|c специалист в области электроэнергетики
|c профессор Томского политехнического университета, доктор технических наук
|f 1951-
|g Александр Анатольевич
|3 (RuTPU)RU\TPU\pers\26846
|9 12465
|
| 701 |
|
1 |
|a Герасимов
|b Д. Ю.
|c специалист в области электроэнергетики
|c доцент Томского политехнического университета, кандидат технических наук
|f 1980-
|g Дмитрий Юрьевич
|3 (RuTPU)RU\TPU\pers\26563
|9 12252
|
| 712 |
0 |
2 |
|a Национальный исследовательский Томский политехнический университет (ТПУ)
|b Энергетический институт (ЭНИН)
|b Кафедра электроснабжения промышленных предприятий (ЭПП)
|3 (RuTPU)RU\TPU\col\18676
|
| 801 |
|
2 |
|a RU
|b 63413507
|c 20210225
|g RCR
|
| 856 |
4 |
|
|u http://earchive.tpu.ru/handle/11683/23178
|
| 856 |
4 |
|
|u http://www.lib.tpu.ru/fulltext/c/2015/C113/031.pdf
|
| 942 |
|
|
|c BK
|